000 00495nam a22001937a 4500
003 OSt
005 20170509133903.0
008 170509b xxu||||| |||| 00| 0 eng d
020 _a3540212027
040 _cDDC.
082 _a511.1LIB 2004.
100 _aLibkin,Leonid;
_912124
245 _aElements of Finite Model Theory.
260 _aBerlin;Springer,2004.
300 _axiv,315p;ill:24cm:
504 _aincludes index and references.
650 _aphysics
_9809
942 _2ddc
_cO_SHELF
999 _c5837
_d5837